Score 0/20 Timer 04:00
0 Plays Today
Hint Answer % Correct
Grand Theft ____Auto
99.3%
______ KombatMortal
97%
Sonic the _____Hedgehog
96.7%
____ of ZeldaLegend
91.3%
_____ of WarcraftWorld
90%
Need For _____Speed
84.5%
Dance _____ RevolutionDance
84.2%
Call of Duty: ____ WarfareModern
80.9%
Super _____ GalaxyMario
77.8%
____ BandicootCrash
76.9%
Hint Answer % Correct
Metal _____ SolidGear
74.2%
Super _____ Fighter II: TurboStreet
66%
Red ____ RevolverDead
60.5%
Command & _____Conquer
60.3%
The ____ Scrolls V: SkyrimElder
59.8%
Devil May ____Cry
55.4%
Age Of _______Empires
48.7%
L.A _____Noire
42.9%
___________: Bad CompanyBattlefield
37.4%
Uncharted: _____ FortuneDrake's
36.9%

Today's Daily Dose

Remove Ads.
Support Sporcle.
Get the best of Sporcle when you Go Orange. This ad-free experience offers more features, more stats, and more fun while also helping to support Sporcle. Thank you for becoming a member.

You're not logged in!

Compare scores with friends on all Sporcle quizzes.
OR
Log In

Show Comments

Extras

Top Quizzes Today


Score Distribution

Your Account Isn't Verified!

In order to create a playlist on Sporcle, you need to verify the email address you used during registration. Go to your Sporcle Settings to finish the process.

Report this User

Report this user for behavior that violates our Community Guidelines.

Details: